000 00557nam a22001817a 4500
999 _c195371
_d195371
005 20230323153226.0
010 _aENG-136480
020 _a9788188571789
_c400.00
035 _aEN-120012
037 _bDBAD/PUB
082 _aN
100 _aJoshi,P.M
245 _aManohar Malgonkar's Novels :
_cBy P.M Joshi
_bA New Prospective /
260 _bChintan Prakashan
_aKanpur
_c2014
270 _bKanpur
_e208021
_a3A/119, Avas Vikas, Hanspuram
_k05122626265
_k9450151379
_mchintanprakashan@gmail.com
300 _a111p.
_c22cm(hbk)
942 _2ddc
_cEN
_hN
_mPMJ